[Event "TUR Cup"]
[Site "Denizli"]
[Date "2023.07.18"]
[Round "4"]
[White "Kavri, Yusuf Eren"]
[Black "Korkmaz, Egemen"]
[Result "1-0"]
[WhiteElo "2043"]
[BlackElo "1488"]
[PlyCount "67"]
[EventDate "2023.07.16"]
[EventType "team-tourn"]
[EventRounds "9"]
[EventCountry "TUR"]
[SourceTitle "CBM 215 Extra"]
[Source "ChessBase"]
[SourceDate "2023.09.30"]
[SourceVersion "1"]
[SourceVersionDate "2023.09.30"]
[SourceQuality "1"]

1. d4 d5 2. c4 e6 3. Nc3 c6 4. Nf3 Nf6 5. cxd5 exd5 6. Qc2 Bd6 7. Bg5 Nbd7 8. e3 h6 9. Bh4 Qa5 10. Bd3 0-0 11. 0-0 Re8 12. a3 g5 13. Bg3 Bxg3 14. hxg3 Qd8 15. b4 Qe7 16. Rfc1 b6 17. Qb3 Ne4 18. Re1 Bb7 19. b5 Ndf6 20. bxc6 Bxc6 21. Ne5 Bb7 22. Rac1 Rec8 23. Nxe4 Nxe4 24. a4 Rc7 25. a5 bxa5 26. Rxc7 Qxc7 27. Bxe4 dxe4 28. Rb1 Ba6 29. Qd5 Rd8 30. Qxe4 a4 31. Nc6 Rd7 32. Nb8 Re7 33. Nxa6 Qd6 34. Qd3 1-0